00344nam a2200133Ia 450000500170000000800460001703700120006304000200007504100130009508400180010824500560012636500120018270000160019420250923144916.0008 250917s9999 xx 000 0 eng d aTextual aDSWLbengcDSWL aeng2eng aL:4610gqDSWL 0aMalnutrition and Food HabituéscEd. by A. Burgess aINRb20 aR.F.A.Dean